La vida de Lazarillo de Tormes y de sus fortunas y adversidades / (Registro nro. 10915)
[ vista simple ]
| 000 -LIDER | |
|---|---|
| fixed length control field | 00855nam a2200301 a 4500 |
| 001 - NÚMERO DE CONTROL | |
| Identificador de número de control | 0000331 |
| 003 - IDENTIFICACDOR DE NÚMERO DE CONTROL | |
| control field | DO-SdBPM |
| 005 - DATE AND TIME OF LATEST TRANSACTION | |
| control field | 20250221112417.0 |
| 007 - CAMPOS FIJOS DE DESCRIPCIÓN FÍSICA | |
| fixed length control field | 0000331 |
| 008 - ELEMENTOS DE LONGITUD FIJA | |
| fixed length control field | 081127s 2002 sp a 000 0 spa d |
| 020 ## - ISBN | |
| International Standard Book Number | 8489163413 |
| 040 ## - FUENTE DE CATALOGACIÓN | |
| Agencia que crea de manera original el registro | |
| Idioma de catalogación | spa |
| Agencia que realiza la transcripción | BPMSU |
| 082 #4 - NÚMERO DE CLASIFICACIÓN DECIMAL DE DEWEY | |
| Classification number | 863.3 |
| Item number | V648L 2002 |
| Edition number | 22 |
| 245 #3 - MENCIÓN DE TITULO | |
| Título | La vida de Lazarillo de Tormes y de sus fortunas y adversidades / |
| Mención de responsabilidad | edición Jorge A. Mestas |
| 250 ## - MENCIÓN DE EDICION | |
| Mención de edición | 3a. ed. |
| 260 ## - PUBLICACIÓN, DISTRIBUCIÓN, ETC. (PIE DE IMPRENTA) | |
| Lugar de publicación, distribución, etc | Madrid : |
| Nombre del editor, distribuidor, etc. | Ediciones Metas, |
| Fecha de publicación, distribución, etc | 2002 |
| 300 ## - DESCRIPCIÓN FÍSICA | |
| Extensión | 90 p.: |
| Otros detalles físicos | il., ; |
| Dimensiones | 19 cm. |
| 490 0# - MENCIÓN DE SERIES | |
| Mención de serie | Clásicos universales, |
| Volume/sequential designation | 6 |
| 500 ## - NOTA GENERAL | |
| Nota general | Edición íntegra |
| 505 0# - NOTA DE CONTENIDO | |
| Título | |
| 590 ## - NOTA LOCAL | |
| Texto de la nota local | Invetariado, 2025/VM |
| Enlace | |
| 650 #4 - ENCABEZAMIENTO DE MATERIA--TEMÁTICO | |
| Término temático o nombre geográfico como elemento de entrada | Novela española |
| 650 #4 - ENCABEZAMIENTO DE MATERIA--TEMÁTICO | |
| Término temático o nombre geográfico como elemento de entrada | Lazarillo |
| Subdivisión de forma | Novela |
| 650 #4 - ENCABEZAMIENTO DE MATERIA--TEMÁTICO | |
| Término temático o nombre geográfico como elemento de entrada | Novela social |
| 650 #4 - ENCABEZAMIENTO DE MATERIA--TEMÁTICO | |
| Término temático o nombre geográfico como elemento de entrada | Literatura picaresca |
| 910 ## - VALIDACIÓN | |
| Validación | VMateo V. Control de calidad. BPMSU |
| 942 ## - ADDED ENTRY ELEMENTS (KOHA) | |
| Source of classification or shelving scheme | Dewey Decimal Classification |
| Koha item type | Libros |
| Withdrawn status | Lost status | Source of classification or shelving scheme | Damaged status | Not for loan | Collection code | Home library | Current library | Date acquired | Source of acquisition | Total Checkouts | Full call number | Barcode | Date last seen | Price effective from | Koha item type |
|---|---|---|---|---|---|---|---|---|---|---|---|---|---|---|---|
| Dewey Decimal Classification | Colección Juvenil General | Biblioteca Pública Metropolitana Salomé Ureña | Biblioteca Pública Metropolitana Salomé Ureña | 07/18/2016 | FUNDI | BPUMSU CGJ 863.3 V648L 2002 | BPMSU18020084 | 07/18/2016 | 07/18/2016 | Libros |